000 00868nam a22002777a 4500
001 7553
003 FISKH
005 20250724090930.0
008 250724b cb ||||| |||| 00| 0 eng d
020 _a9780340894118
040 _aFISKH
_beng
_cFISKH
_dFISKH
050 _aPZ7.M7846 S
082 _a823
100 _aMoore, Inga
245 _aSix dinner Sid /
_cby Inga Moore
250 _aThis edition published in 2016
260 _aLondon :
_bHodder Children's Book,
_c1990.
300 _a32 unnumbered pages :
_bcolor illustrations ;
_c27 cm
505 _aN
520 _aSid the cat plays the pet of six different owners on Aristotle Street so that he can get six dinners every night.
521 8 _a580
_bLexile AD
521 8 _aN
_bRaz-Plus
650 _aAnimals
_vCaring Cat
_xChildren's Books
942 _2ddc
_cBK
_n0
999 _c7553
_d7553